000 00986nam a22002297a 4500
999 _c19950
_d19950
003 AR-CdUCM
008 190524b ||||| |||| 00| 0 spa d
040 _aMUNICIPALIDAD PROVINCIAL DEL CUSCO
_cBIBLIOTECA MUNICIPAL DEL CUSCO
041 _hger
082 _a523.1 /
_bM26
100 _aMarfeld, A. F. :
_941728
245 _aPasado y presente del universo, la tierra y el hombre /
260 _aBarcelona :
_bLabor,
_c1961.
300 _a354 páginas ;
_bCon 76 dibujos intercalados en el texto, 32 láminas, 2 tablas, 4 cartas estelares y 2 diagramas
_c23 cm.
505 _aContenido: Vivimos en mundos estelares -- Nuestro cosmos explota -- Choque entre islas de estrellas -- En el reino de las estrellas -- Nuestra familia planetaria -- Fuego en las profundidades...
650 _aEl universo
_926975
650 _aLas estrellas
_927483
650 _aEl cosmos
_941729
700 _aVidal Llenas, José (traductor)
_941730
942 _2ddc
_cLIBROS
945 _aAndy
_d2019-05-24